Who cares wins (Record no. 72016)

MARC details
000 -LEADER
fixed length control field 01408cam a2200217 4500
001 - CONTROL NUMBER
control field ABS66347
008 - FIXED-LENGTH DATA ELEMENTS--GENERAL INFORMATION
fixed length control field 030130n2003 000 0 eng u
035 ## - SYSTEM CONTROL NUMBER
System control number (Sirsi) u121191
100 ## - MAIN ENTRY--PERSONAL NAME
Personal name Cook, S.
245 ## - TITLE STATEMENT
Title Who cares wins
260 ## - PUBLICATION, DISTRIBUTION, ETC.
Date of publication, distribution, etc. 2003
490 ## - SERIES STATEMENT
Series statement Management Today
Volume/sequential designation January 2003, 40-46(5)
520 ## - SUMMARY, ETC.
Summary, etc. Discusses the issue of Corporate Social Responsibility which is a new way of describing sustainability and diversity. Considers whether it is an innovative new idea which will lead to improved social attitudes and progress towards a better environment or if it just a gimmick designed to derail the protests of anti-globalisation protesters. Many companies such as Shell are now taking this idea very seriously with the thought that there is a further advantage in making these schemes work from the point of view of profit and the views of shareholders. Also to be considered are the changes brought about by the Pensions Act 2000, which now requires trustees of occupational pensions to state the extent to which they take social, environmental and ethical issues into account when making investment decisions.
650 ## - SUBJECT ADDED ENTRY--TOPICAL TERM
Topical term or geographic name entry element CORPORATE SOCIAL RESPONSIBILITY
650 ## - SUBJECT ADDED ENTRY--TOPICAL TERM
Topical term or geographic name entry element Environment
9 (RLIN) 6238
650 ## - SUBJECT ADDED ENTRY--TOPICAL TERM
Topical term or geographic name entry element SOCIAL POLICY
650 ## - SUBJECT ADDED ENTRY--TOPICAL TERM
Topical term or geographic name entry element RENEWABLE RESOURCES
650 ## - SUBJECT ADDED ENTRY--TOPICAL TERM
Topical term or geographic name entry element ENVIRONMENTAL PROTESTERS
690 ## - LOCAL SUBJECT ADDED ENTRY--TOPICAL TERM (OCLC, RLIN)
Topical term or geographic name as entry element ENVIRONMENTAL AND LAND CONSULTANCY-ENVIRONMENTAL MANAGEMENT
942 ## - ADDED ENTRY ELEMENTS (KOHA)
Suppress in OPAC 0
Holdings
Withdrawn status Lost status Source of classification or shelving scheme Damaged status Not for loan Home library Current library Shelving location Date acquired Total Checkouts Full call number Barcode Date last seen Copy number Price effective from Koha item type
    Dewey Decimal Classification     London London Journal article 30/01/2003   ABS66347 121191-1001 06/08/2019 1 06/08/2019 Journal article